Chronione - Statystyki

Ogólne statystyki
  • Ten quiz został rozwiązany 5 razy
  • Średni wynik to 4 z 20
Statystyki odpowiedzi
Obrazkowy Odpowiedź % Poprawnych
Jelonek rogacz
100%
Modliszka zwyczajna
100%
Czerwończyk nieparek
50%
Mrówka rudnica
50%
Trzmiel kamiennik
50%
Biegacz skorzasty
0%
Kozioróg dębosz
0%
Kwietnica okazała
0%
Nadobnica alpejska
0%
Niepylak apollo
0%
Pachnica dębowa
0%
Paź żeglarz
0%
Szlaczkoń torfowiec
0%
Tęcznik liszkarz
0%
Trzepla zielona
0%
Trzmiel ziemny
0%
Wynurt
0%
Zalotka białoczelna
0%
Zalotka większa
0%
Zgniotek cynobrowy
0%
Nie znaleziono quizów pasujących do podanych kryteriów
Rozkład punktacji
Procent ludzi z każdym wynikiem
Percentyl według liczby udzielonych odpowiedzi
Twoja historia wyników
Nie rozwiązałeś tego quizu